Normal view
MARC view
- Atiya, S.Aziz
Entry Personal Name
001 - CONTROL NUMBER
- control field: 46229
003 - CONTROL NUMBER IDENTIFIER
- control field: NUST
005 - DATE AND TIME OF LATEST TRANSACTION
- control field: 20210314133448.0
008 - FIXED-LENGTH DATA ELEMENTS
- fixed length control field: 210314|| aca||aabn | a|a d
040 ## - CATALOGING SOURCE
- Original cataloging agency: NUST
- Transcribing agency: NUST
100 ## - HEADING--PERSONAL NAME
- Personal name: Atiya, S.Aziz
670 ## - SOURCE DATA FOUND
- Source citation: Work cat.: (NUST): Atiya, S.Aziz, Crusade, Commerce and culture, 1962
